<?xml version="1.0" encoding="UTF-8"?>
<record
    xmlns:xsi="http://www.w3.org/2001/XMLSchema-instance"
    xsi:schemaLocation="http://www.loc.gov/MARC21/slim http://www.loc.gov/standards/marcxml/schema/MARC21slim.xsd"
    xmlns="http://www.loc.gov/MARC21/slim">

  <leader>00861nam a2200181 a 4500</leader>
  <controlfield tag="008">260220e2023    sp a|||f |||| 00| 0 spa d</controlfield>
  <datafield tag="020" ind1=" " ind2=" ">
    <subfield code="a">9780323760287</subfield>
  </datafield>
  <datafield tag="041" ind1=" " ind2=" ">
    <subfield code="a">spa</subfield>
  </datafield>
  <datafield tag="092" ind1=" " ind2=" ">
    <subfield code="c">611.022</subfield>
    <subfield code="l">NET</subfield>
    <subfield code="s">55</subfield>
  </datafield>
  <datafield tag="100" ind1="1" ind2=" ">
    <subfield code="a">Netter, Frank H.</subfield>
    <subfield code="9">147</subfield>
  </datafield>
  <datafield tag="245" ind1=" " ind2=" ">
    <subfield code="a">Atlas de Anatom&#xED;a Humana /  </subfield>
    <subfield code="c">Frank H. Netter.</subfield>
  </datafield>
  <datafield tag="250" ind1=" " ind2=" ">
    <subfield code="a">8va ed. versi&#xF3;n en espa&#xF1;ol de la obra original en ingl&#xE9;s</subfield>
    <subfield code="b">Traducci&#xF3;n Elsevier Espa&#xF1;a</subfield>
  </datafield>
  <datafield tag="260" ind1=" " ind2=" ">
    <subfield code="a">Barcelona:</subfield>
    <subfield code="b">Elsevier;</subfield>
    <subfield code="c">2023.</subfield>
  </datafield>
  <datafield tag="300" ind1=" " ind2=" ">
    <subfield code="a">716 p.</subfield>
    <subfield code="b">il. tablas.</subfield>
  </datafield>
  <datafield tag="500" ind1=" " ind2=" ">
    <subfield code="a">Netter, F. H. (2019). Atlas de anatom&#xED;a humana. (7a ed.). Barcelona : Elsevier ; Masson. 

Compra uncoma julio 2019. Ejemplar mojado por Sofia Lara, se mantuvo ejemplar e inventario. Lo repuso 25/11/2019.</subfield>
  </datafield>
  <datafield tag="590" ind1=" " ind2=" ">
    <subfield code="a">Libro reemplazado por Said Alvarez, libro fue mojado. Reposici&#xF3;n el  6/5/2024  por 8va ed. Se mantiene el inventario.</subfield>
  </datafield>
  <datafield tag="942" ind1=" " ind2=" ">
    <subfield code="2">ddc</subfield>
    <subfield code="c">BK</subfield>
  </datafield>
  <datafield tag="999" ind1=" " ind2=" ">
    <subfield code="c">3318</subfield>
    <subfield code="d">3318</subfield>
  </datafield>
  <datafield tag="952" ind1=" " ind2=" ">
    <subfield code="0">0</subfield>
    <subfield code="1">0</subfield>
    <subfield code="2">ddc</subfield>
    <subfield code="4">0</subfield>
    <subfield code="7">0</subfield>
    <subfield code="a">BFM</subfield>
    <subfield code="b">BFM</subfield>
    <subfield code="c">CR</subfield>
    <subfield code="d">2024-05-06</subfield>
    <subfield code="e">Reemplazo a 8va ed. por libro mojado Alvarez Said, mayo 2024.</subfield>
    <subfield code="l">5</subfield>
    <subfield code="o">611.022 55 NET</subfield>
    <subfield code="p">4450</subfield>
    <subfield code="r">2026-04-28</subfield>
    <subfield code="s">2026-04-22</subfield>
    <subfield code="t">Ej. 30</subfield>
    <subfield code="w">2026-02-20</subfield>
    <subfield code="y">BK</subfield>
    <subfield code="z">Compra uncoma 2019, ejemplar mojado y reemplazado por Lara Sofia, se mantuvo ejemplar e inventario. Lo repuso 25/11/2019.</subfield>
    <subfield code="f"></subfield>
  </datafield>
</record>
